000 00806nmm a2200313 a 4500
003 AR-BaBNM
005 20251128205133.0
008 086119s1945 ||||||||||||||000 | spa||
040 _cAR-BaBNM
100 1 _aBrinton, Crane
245 1 0 _aLas vidas de Talleyrand
250 _a1ª ed.
260 _aBuenos Aires
_bEspasa-Calpe
_c1945
300 0 _a278 p.
_bil.
504 _aBibliografía p. 271-278
600 1 4 _aBonaparte, NapoLeón
650 4 _aBIOGRAFIAS
650 4 _aHISTORIA EUROPEA
650 4 _aHISTORIA POLITICA
650 4 _aSIGLO DIECIOCHO
650 4 _aSIGLO DIECINUEVE
651 4 _aFrancia
653 0 _aRESTAURACION FRANCESA
653 0 _aREVOLUCION FRANCESA
655 _aBIOGRAFIAS
700 1 _aSánchez, Atanasio
_etraductor
942 _cBK
998 _cEnrique
999 _c10140
_d10140